LEADER 01377nam a2200289 4500 001 000000362549 003 CaOOAMICUS 005 20250411123029.0 008 250411s2005 it 000 u ita r 020 $a88-211-8685-7 040 $aSeMil$bita 100 1 $aCortese, Alessandro,$d<1940- >.$0(OLS)http://semarc/name/653 245 13$aLa creazione :$bun'apologia accidentale della filosofia /$cAlessandro Cortese ; prefazione di Franco Buzzi. 264 1$aGenova-Milano :$bMarietti 1820,$c2005. 300 $aXIX, 627 p. ;$c21 cm 490 1 $aCollana di filosofia ;$v82 650 4$aMetafisica.$0(OLS)http://semarc/subject/188 650 4$aCreazione.$0(OLS)http://semarc/subject/1429 700 1 $aBuzzi, Franco,$c.$0(OLS)http://semarc/name/14631 830 0$aCollana di filosofia ;$v82.$0(OLS)http://semarc/title/419438 850 $aSeMil 852 $aSeMil$W1$xVenegono$y1$m2P IV 878$j256047$B253462$CSeMilBibl$Z2$F253462 $81 961 $aBuzzi mons. Franco - Omaggio. ? Con dedica autografa dell?autore (Alessandro Cortese) a mons. Buzzi 996 $6020$a88-211-8685-7$9(OLS)http://semarc/number/303003 996 $6245$aLa creazione :$bun'apologia accidentale della filosofia$9(OLS)http://semarc/title/453477 996 $6264$aGenova-Milano :$bMarietti 1820$9(OLS)http://semarc/publisher/31303 LEADER 01064nam a2200229 i 4500 001 000000089195 003 CaOOAMICUS 005 20260401161820.0 008 020520s1970 it u000 u mul u 040 $aSeMil$bita 245 10$aDizionario Garzanti francese-italiano, italiano-francese /$crealizzato dalla Redazione lessicografica Garzanti diretta da Giorgio Cusatelli ; con la supervisione editoriale di Giorgio Brunacci. 250 $a5. ed. 264 1$aMilano :$bGarzanti,$c1970. 300 $a2029 p. ;$c24 cm. 650 4$aLingua francese - Dizionari, vocabolari, glossari, etc.$0(OLS)http://semarc/subject/1314 700 1 $aBrunacci, Giorgio.$0(OLS)http://semarc/name/40353 700 1 $aCusatelli, Giorgio.$0(OLS)http://semarc/name/17194 850 $aSeMil 852 $aSeMil$W1$xVenegono$y1$m1P V 12$j269574$B52347$CSeMilBibl$Z2$F56795 $81 996 $6245$aDizionario Garzanti francese-italiano, italiano-francese$9(OLS)http://semarc/title/135049 996 $6264$aMilano :$bGarzanti$9(OLS)http://semarc/publisher/29852